Greek primordial gods - Statistics

General Stats
  • This quiz has been taken 29 times
  • The average score is 3 of 5
Answer Stats
Answer % Correct
Gaia
95%
Nyx
63%
Tartarus
58%
Eros
42%
Erebus
37%
No matching quizzes found
Score Distribution
Percent of People with Each Score
Percentile by Number Answered
Your Score History
You have not taken this quiz